Geography Click Chain #4 - Statistics

General Stats
  • This quiz has been taken 131 times
  • The average score is 6 of 10
Answer Stats
Hint Answer % Correct
Which is home to the southernmost point in the continent… Africa
98%
The only country Lesotho borders is… South Africa
96%
Which shares a land border with the continent… Europe
81%
Whose smallest country by area is… Vatican City
73%
Which is fully surrounded by the country… Italy
65%
Whose most popular sport is… Soccer
58%
Which is most commonly played in the country… United Kingdom
42%
Who borders the country… Ireland
36%
Whose second-largest city is… Cork
32%
Which is known for their… Food Markets
28%
No matching quizzes found
Score Distribution
Percent of People with Each Score
Percentile by Number Answered
Your Score History
You have not taken this quiz